| 000 | 01084cam a22003015a 4500 | ||
|---|---|---|---|
| 001 | 016854724 | ||
| 003 | OSt | ||
| 005 | 20151201160904.0 | ||
| 008 | 140902t2015 enka frd 001 0 eng d | ||
| 020 | _a9781292061245 (paperback) | ||
| 020 | _a1292061243 (paperback) | ||
| 040 |
_aUk _beng _cUk _dEG-ScBUE |
||
| 082 | 0 | 4 |
_a004 _bSNY _222 |
| 100 | 1 |
_aSnyder, Lawrence. _938285 |
|
| 245 | 1 | 0 |
_aFluency with information technology : _bskills, concepts, & capabilities / _cLawrence Snyder ; contributor Chethan Venkatesh. |
| 246 | 3 |
_aFluency with information technology : _bskills, concepts, and capabilities |
|
| 250 | _a6th ed., Global ed. | ||
| 260 |
_aHarlow : _bPearson Education Limited, _cc.2015. |
||
| 300 |
_a772 p. : _bill. (some col.) ; _c28 cm. |
||
| 500 | _aIndex : p. 749-768. | ||
| 500 | _aGlossary : p. 729-737. | ||
| 650 | 7 |
_aInformation technology. _2BUEsh _95620 |
|
| 650 | 0 |
_aComputer literacy. _2BUEsh _926078 |
|
| 651 | _2BUEsh | ||
| 653 |
_bCOMSCI _cJune2015 _cAugust2015 _cDecember2015 |
||
| 700 | 1 |
_aVenkatesh, Chethan, _econtributor. |
|
| 942 |
_2ddc _k004 SNY |
||
| 999 |
_c19859 _d19831 |
||